[Event "TUR Cup"]
[Site "Antalya"]
[Date "2020.01.27"]
[Round "2"]
[White "Nay, Nezafet"]
[Black "Ozeler, Nedim"]
[Result "0-1"]
[WhiteElo "1099"]
[BlackElo "1667"]
[PlyCount "94"]
[EventDate "2020.01.26"]
[EventType "swiss"]
[EventRounds "11"]
[EventCountry "TUR"]
[SourceTitle "CBM 194 Extra"]
[Source "ChessBase"]
[SourceDate "2020.03.31"]
[SourceVersion "1"]
[SourceVersionDate "2020.03.31"]
[SourceQuality "1"]

1. d4 Nf6 2. Nf3 g6 3. c4 Bg7 4. g3 d5 5. Nbd2 0-0 6. e3 c6 7. h3 Bf5 8. Nh4 Be6 9. Ndf3 dxc4 10. Qc2 b5 11. Bg2 Bd5 12. 0-0 Ne4 13. Ne5 f5 14. Kh2 Nd7 15. f3 Nd6 16. f4 Ne4 17. Qe2 Nxe5 18. fxe5 e6 19. Bxe4 Bxe4 20. Bd2 a5 21. a3 Qd5 22. Qe1 g5 23. Bxa5 gxh4 24. Bb4 Rf7 25. gxh4 Kh8 26. Rg1 f4 27. exf4 Rxf4 28. Qg3 Rf7 29. Bc3 Raf8 30. Raf1 Qd7 31. Qe1 Bd5 32. Bb4 Rxf1 33. Rxf1 Rxf1 34. Qxf1 Qe8 35. Qf4 h6 36. Qf2 Qg6 37. h5 Qxh5 38. Bf8 Qf3 39. Qxf3 Bxf3 40. Bb4 Kh7 41. Kg3 Bd5 42. h4 Kg6 43. Kf4 h5 44. Bd6 Bh6+ 45. Kg3 Bc1 46. Kf2 Bxb2 47. Ke3 c3 0-1

[Event "TUR-chT2"]
[Site "Konya"]
[Date "2018.07.13"]
[Round "6.21"]
[White "Nay, Nezafet"]
[Black "Adanmis, Berfin"]
[Result "0-1"]
[WhiteElo "1205"]
[BlackElo "1021"]
[PlyCount "33"]
[EventDate "2018.07.10"]
[EventType "team-swiss"]
[EventRounds "9"]
[EventCountry "TUR"]
[SourceTitle "EXT 2019"]
[Source "ChessBase"]
[SourceDate "2018.10.10"]
[SourceVersion "1"]
[SourceVersionDate "2018.10.10"]
[SourceQuality "1"]
[WhiteTeam "Dulumpinar Turk"]
[BlackTeam "Bolu Dernegi"]
[WhiteTeamCountry "TUR"]
[BlackTeamCountry "TUR"]

1. e4 e5 2. Nf3 Nf6 3. Bb5 Nc6 4. Nc3 Bb4 5. d3 0-0 6. Bd2 d5 7. Bxc6 bxc6 8. Nxe5 Qe7 9. d4 dxe4 10. Be3 Nd5 11. 0-0 Nxc3 12. bxc3 Bxc3 13. Rb1 Ba6 14. Rb3 Bxf1 15. Rxc3 Bb5 16. g3 Rad8 17. Qg4 0-1

[Event "TUR Cup										"]
[Site "Antalya"]
[Date "2018.02.01"]
[Round "8"]
[White "Kasun, Hakan"]
[Black "Nay, Nezafet"]
[Result "1-0"]
[WhiteElo "1038"]
[BlackElo "1279"]
[PlyCount "62"]
[EventDate "2018.01.27"]
[EventType "swiss"]
[EventRounds "11"]
[EventCountry "TUR"]
[SourceTitle "CBM 182 Extra"]
[Source "ChessBase"]
[SourceDate "2018.02.23"]
[SourceVersion "1"]
[SourceVersionDate "2018.02.23"]
[SourceQuality "1"]

1. d4 d5 2. c4 Nf6 3. Bg5 e6 4. e3 Bb4+ 5. Nc3 h6 6. Bh4 g5 7. Bg3 Ne4 8. Nge2 Nc6 9. a3 Bxc3+ 10. bxc3 dxc4 11. f3 Nd6 12. e4 Bd7 13. d5 exd5 14. exd5 Na5 15. Nd4 Qe7+ 16. Be2 0-0-0 17. 0-0 Qe3+ 18. Kh1 Qxc3 19. Be1 Qe3 20. Bxa5 b6 21. Bb4 Nf5 22. Nxf5 Bxf5 23. Bxc4 Bd7 24. Ba6+ Kb8 25. Qc2 Qe8 26. Rac1 Qe5 27. Rfe1 Qf4 28. Re4 Qxc1+ 29. Qxc1 Rhe8 30. Be7 Bf5 31. Bxd8 Bxe4 1-0